000 00338cam a2200133 4500
001 L129469
008 050420n1837 000 0 eng u
035 _a(Sirsi) u129469
110 _aLord Lieutenant of Ireland
_94694
245 _aMunicipal corporation boundaries (Ireland)
260 _c1837
300 _a160p.
_c36cm.
942 _n0
999 _c104203
_d104203